| 000 | 00960nam a2200229 a 4500 | ||
|---|---|---|---|
| 001 | 000025821 | ||
| 005 | 20200930024056.0 | ||
| 008 | 110222s1987 mx ad r 000 0 spa d | ||
| 020 | _a9686677178 | ||
| 040 |
_aDO-SdBNP _bspa _cBNPHU |
||
| 041 | 1 | 7 |
_aspa _heng _2Código de idioma MARC |
| 082 |
_aNNN _bA786e |
||
| 100 | 1 |
_aArterton, Christopher F. _952650 |
|
| 240 | 1 | 0 |
_aMedia politics : the news strategies of presidential campaigns _lEspañol. |
| 245 | 1 | 0 |
_aLas estrategias informativas de las campañas presidenciales : _bla política de los medios de información / _cF. Christopher Arterton ; traducción de Manuel Ortiz Staines. |
| 260 |
_aMéxico, D. F. : _bPubligrafics, _c1987. |
||
| 300 |
_axvi, 279, [2] p. : _bil., diagrs. ; _c21 cm. |
||
| 504 | _aIncluye referencias bibliográficas | ||
| 534 |
_aTítulo original: _tMedia politics : the news strategies of presidential campaigns |
||
| 700 | 1 |
_aOrtiz Staines, Manuel _etr. _96144 |
|
| 049 | _aBNGR | ||
| 999 |
_c25313 _d25313 |
||